UM Logo

Budget Preparation and Budget Execution of Barangay Disaster Risk Reduction Committee in Selected Barangay Government Unit in Hagonoy / (Record no. 24582)

MARC details
000 -LEADER
fixed length control field 00785nam a22001697a 4500
005 - DATE AND TIME OF LATEST TRANSACTION
control field 20260413111808.0
008 - FIXED-LENGTH DATA ELEMENTS--GENERAL INFORMATION
fixed length control field 260413b |||||||| |||| 00| 0 eng d
100 ## - MAIN ENTRY--PERSONAL NAME
Personal name Abellona, Claire P.
9 (RLIN) 70497
245 ## - TITLE STATEMENT
Title Budget Preparation and Budget Execution of Barangay Disaster Risk Reduction Committee in Selected Barangay Government Unit in Hagonoy /
Statement of responsibility, etc. Claire P. Abellona, Paulandre B. Peliño, and Jave Ivy M. Ravanes.
260 ## - PUBLICATION, DISTRIBUTION, ETC. (IMPRINT)
Place of publication, distribution, etc. Digos city:
Name of publisher, distributor, etc. UMDC,
Date of publication, distribution, etc. ©January 2024.
300 ## - PHYSICAL DESCRIPTION
Extent viii, 44 pages ;
Other physical details illustration (some colors) :
Dimensions 29 Cm.
500 ## - GENERAL NOTE
General note Includes reference and appendices.
650 #0 - SUBJECT ADDED ENTRY--TOPICAL TERM
Topical term or geographic name as entry element Business Administration
General subdivision Undergraduate thesis.
9 (RLIN) 70498
700 ## - ADDED ENTRY--PERSONAL NAME
Personal name Paliño, Paul Andre B.
Relator term Researcher.
9 (RLIN) 70499
700 ## - ADDED ENTRY--PERSONAL NAME
Personal name Ravanes, Jave Ivy M.
Relator term Researcher.
9 (RLIN) 70500
942 ## - ADDED ENTRY ELEMENTS (KOHA)
Source of classification or shelving scheme Dewey Decimal Classification
Koha item type Undergraduate Thesis
Holdings
Withdrawn status Lost status Source of classification or shelving scheme Damaged status Not for loan Collection code Home library Current library Date acquired Total Checkouts Date last seen Price effective from Koha item type
    Dewey Decimal Classification     Undergraduate Theses UM Digos College - LIC UM Digos College - LIC 04/13/2026   04/13/2026 04/13/2026 Undergraduate Thesis